Functions of a complex variable ; theory and technique /

Guardado en:
Autor Principal: Carrier, George F.
Otros Autores: Krook, Max., Pearson, Carl E.
Formato: Libro
Idioma:English
Publicado: New York : McGraw-Hill, [c1966]
Materias:
Etiquetas: Agregar Etiqueta
Sin Etiquetas, Sea el primero en etiquetar este registro!
LEADER 00724cam a22002171a 4500
001 MAT.inmabb005559
008 840730s1966####nyua#####b####000#0#eng##
005 20130307171046.0
245 1 0 |a Functions of a complex variable ;  |b theory and technique /  |c [by] George F. Carrier, Max Krook [and] Carl E. Pearson. 
260 |a New York :  |b McGraw-Hill,  |c [c1966] 
300 |a ix, 438 p. :  |b il. ;  |c 23 cm. 
504 |a Bibliographical footnotes. 
510 4 |a MR,  |c 36 #5308 
100 1 |a Carrier, George F. 
700 1 |a Krook, Max. 
700 1 |a Pearson, Carl E. 
650 0 |a Functions of complex variables. 
084 |a 30-01  |2 msc2000 
010 |a  65022104  
040 |a DLC/ICU  |c ICU  |d DLC 
859 |h 30  |i C316  |p A-2232  |b BIB. MATEMATICA